Power quality
| Main Author: | |
|---|---|
| Format: | Book |
| Published: |
New Delhi :
S. K. Kataria & Sons ,
2014
|
| Subjects: |
MARC
| LEADER | 00000cam a2200000 7i4500 | ||
|---|---|---|---|
| 001 | 0000044158 | ||
| 005 | 20141217.0 | ||
| 008 | 141217 | ||
| 020 | |a 9350144442 | ||
| 090 | 0 | 0 | |a 621.31 |b SIM |
| 100 | 1 | |a Simmi P. Burman | |
| 245 | 1 | 0 | |a Power quality |c Simmi P. Burman & Bipin Singh |
| 260 | |a New Delhi : |b S. K. Kataria & Sons , |c 2014 | ||
| 650 | 0 | |a Electric power system stability | |
| 650 | 0 | |a Electric power system |x Quality control | |
| 999 | |a 0001324159 |b Book |c Adult Collection |e Perbadanan Perpustakaan Awam Johor | ||